Fleuves du monde - Statistiques

Statistiques générales
  • Ce quiz a été pris 153 fois
  • Le résultat moyen est 12 sur 23
Statistiques - réponses
Zone Géographique Réponse % Correct
Amérique du nord Mississippi
91%
Europe Danube
89%
Afrique Nil
86%
Europe Rhin
85%
Amérique du Sud Amazone
79%
Europe Volga
67%
Afrique Congo
63%
Asie Gange
63%
Asie Mékong
59%
Afrique Niger
59%
Amérique du nord Colorado
57%
Asie Amour
55%
Amérique du nord Rio Grande
48%
Afrique Zambèze
46%
Asie Ob
41%
Asie Léna
37%
Asie Huang He
33%
Asie Ienisseï
31%
Amérique du nord Mackenzie
30%
Amérique du Sud Paraná
25%
Océanie Murray
24%
Europe Don
22%
Asie Yangzi Jiang
22%
Aucun quiz correspondant
Distribution des résultats
% des personnes avec chaque résultat
Percentile par nombre de réponses
Votre historique - résultats
Vous n’avez pas pris ce quiz